| 000 | 00532nam a2200157 i 4500 | ||
|---|---|---|---|
| 001 | 46908 | ||
| 003 | ES-MaACL | ||
| 007 | t| | ||
| 008 | 030402s1909 it ||||1| ita d | ||
| 100 | 1 |
_aConsolo, Giovanni Cesareo. _940235 |
|
| 245 | 1 | 0 |
_aTrattato teorico-pratico del possesso e delle azioni possessorie / _cdell'avvocato Giovanni Cesareo Consolo. |
| 250 | _a3 ed. riveduta ed ampliata. | ||
| 260 |
_aTorino, etc. : _bUnione Tipografico-Editrice Torinese, _c1909. |
||
| 300 |
_aVIII, 927 p. ; _c25 cm. |
||
| 852 |
_aES-MaACL _jG-5185 |
||
| 999 |
_c46908 _d46908 |
||